Diện mạo văn học dân gian nam bộ; T1

Gardado en:
Detalles Bibliográficos
Autor Principal: Nguyễn Văn Hầu
Formato: Libro
Idioma:Undetermined
Publicado: Tp. HCM Trẻ 2004
Những chủ đề:
Các nhãn: Engadir etiqueta
Sen Etiquetas, Sexa o primeiro en etiquetar este rexistro!
Thư viện lưu trữ: Trung tâm Học liệu Trường Đại học Cần Thơ
LEADER 00536nam a2200193Ia 4500
001 CTU_60106
008 210402s9999 xx 000 0 und d
020 |b 35500 
082 |a 398.209597 
082 |b H125/T1 
100 |a Nguyễn Văn Hầu 
245 0 |a Diện mạo văn học dân gian nam bộ; T1 
260 |a Tp. HCM 
260 |b Trẻ 
260 |c 2004 
650 |a folk literatue, vietnamese 
650 |x history and criticism 
904 |i Minh 
980 |a Trung tâm Học liệu Trường Đại học Cần Thơ